00825nam a2200205 a 450000100060000000300090000600800410001502000180005604000280007408200190010210000310012124500330015226000230018530000100020850502690021865000330048765000270052065000300054765000420057723041CO-ViMGA141112s2004 ck r 000 u spa d a9789584509239 aCO-ViMGAbspacCO-ViMGA04a330.9861 S175e1 aSarmiento Palacio, Eduardo10aEconomìa y globalizaciòn aColombia : bNorma a392p. aEl mercado monetario en desequilibrio, La macroEconomía global del salario y el ahorro, Tratdo de libre comercio e integracion, Crecimiento dentro de la globalizacion, Distribucion del ingreso y el modelo unico, Las reformas institucionales, A titulo de sintesis14aCOLOMBIA - COMERCIO EXTERIOR14aEconomía COLOMBIANA 14aGLOBALIZACION - COLOMBIA 14aTRATADO DE LIBRE COMERCIO - COLOMBIA